Sports Quiz

Random Sports or MLB Quiz

2012 Boston Red Sox Quiz Stats

 Plays Quiz not verified by Sporcle

Challenge
Share
Tweet
Embed
Score 0/57 Timer 08:00
0 Plays Today
Number Players % Correct
2Jacoby Ellsbury
97.5%
15Dustin Pedroia
96.3%
20Kevin Youkilis
93.8%
34David Ortiz
93.8%
25Bobby Valentine
92.6%
19Josh Beckett
91.3%
28Adrian Gonzalez
91.3%
31Jon Lester
91.3%
39Jarrod Saltalamacchia
90%
7Cody Ross
88.8%
3Mike Aviles
85%
64Will Middlebrooks
85%
11Clay Buchholz
83.8%
66Daniel Nava
83.8%
91Alfredo Aceves
78.8%
13Carl Crawford
75%
40Andrew Bailey
73.8%
60Ryan Lavarnway
72.5%
61Felix Doubront
71.3%
10Kelly Shoppach
70%
18Daisuke Matsuzaka
70%
77Pedro Ciriaco
70%
22James Loney
68.8%
58Jose Iglesias
68.8%
12Ryan Sweeney
67.5%
5Nick Punto
66.3%
54Darnell McDonald
65%
51Daniel Bard
63.8%
55/70Ryan Kalish
60%
Number Players % Correct
30Andrew Miller
55%
37Mark Melancon
55%
46Franklin Morales
53.8%
35Aaron Cook
52.5%
50Mauro Gomez
52.5%
63Junichi Tazawa
50%
32Craig Breslow
45%
48Scott Atchison
43.8%
53Rich Hill
43.8%
32Matt Albers
42.5%
44Vicente Padilla
41.3%
56Ivan de Jesus
38.8%
62Lars Anderson
38.8%
26Scott Podsednik
37.5%
67/85Che-Hsuan Lin
36.3%
23Brent Lillibridge
35%
47Zach Stewart
35%
23Marlon Byrd
33.8%
59Clayton Mortensen
33.8%
16Jason Repko
32.5%
23Danny Valencia
28.8%
52Chris Carpenter
28.8%
54Pedro Beato
25%
64Michael Bowden
25%
62Guillermo Quiroz
23.8%
71Nate Spears
23.8%
50/78Justin Thomas
21.3%
47Justin Germano
20%

You're not logged in!

Compare scores with friends on all Sporcle quizzes.
Join for Free
OR
Log In

You Might Also Like...

Show Comments

Extras

Top Quizzes Today


Score Distribution

Your Account Isn't Verified!

In order to create a playlist on Sporcle, you need to verify the email address you used during registration. Go to your Sporcle Settings to finish the process.

Report this User

Report this user for behavior that violates our Community Guidelines.

Details: